Managerial accounting : Creating value in a dynamic business environment
The emphasis of Managerial Accounting, 7e is on teaching students to use accounting information to best manage an organization. In a practice Hilton pioneered in the first edition, each chapter is written around a realistic business or focus company that guides the reader through the topics of that...
Spremljeno u:
| Glavni autor: | |
|---|---|
| Format: | Knjiga |
| Jezik: | Undetermined |
| Izdano: |
Boston
McGraw-Hill/Irwin
2008
|
| Teme: | |
| Oznake: |
Dodaj oznaku
Bez oznaka, Budi prvi tko označuje ovaj zapis!
|
| Thư viện lưu trữ: | Trung tâm Học liệu Trường Đại học Cần Thơ |
|---|
| LEADER | 01410nam a2200217Ia 4500 | ||
|---|---|---|---|
| 001 | CTU_156087 | ||
| 008 | 210402s9999 xx 000 0 und d | ||
| 020 | |c 128.04 | ||
| 082 | |a 658.1511 | ||
| 082 | |b H656 | ||
| 100 | |a Hilton, Ronald W. | ||
| 245 | 0 | |a Managerial accounting : | |
| 245 | 0 | |b Creating value in a dynamic business environment | |
| 245 | 0 | |c Ronald W. Hilton | |
| 260 | |a Boston | ||
| 260 | |b McGraw-Hill/Irwin | ||
| 260 | |c 2008 | ||
| 520 | |a The emphasis of Managerial Accounting, 7e is on teaching students to use accounting information to best manage an organization. In a practice Hilton pioneered in the first edition, each chapter is written around a realistic business or focus company that guides the reader through the topics of that chapter. Known for balanced examples of Service, Retail, Nonprofit and Manufacturing companies, Hilton offers a clear, engaging writing style that has been praised by instructors and students alike. As in previous editions, there is significant coverage of contemporary topics such as activity-based costing, target costing, the value chain, customer profitability analysis, and throughput costing while also including traditional topics such as job-order costing, budgeting and performance evaluation. | ||
| 650 | |a Quản trị kế toán,Managerial accounting | ||
| 904 | |i Năm | ||
| 980 | |a Trung tâm Học liệu Trường Đại học Cần Thơ | ||